Selected stories /

Bibliographic Details
Main Author: Berridge, Elizabeth
Format: Book
Language:English
Published: Dublin : Maurice Fridberg, 1947.
Series:Hour-glass library.

MARC

Tag First Indicator Second Indicator Subfields
LEADER 00000cam a2200000Ma 4500
001 in00004645310
008 900523s1947 ir 000 1 eng d
005 20230131144643.0
035 |a (OCoLC)ocm31254694 
035 |a (OCoLC)ocm31254694 
040 |a VA@  |b eng  |c VA@  |d UKMGB  |d OCLCQ  |d OCLCO 
016 7 |a 000296985  |2 Uk 
035 |a (OCoLC)31254694 
050 4 |a PR6003.E7434  |b A6 1947 
100 1 |a Berridge, Elizabeth. 
245 1 0 |a Selected stories /  |c by Elizabeth Berridge. 
260 |a Dublin :  |b Maurice Fridberg,  |c 1947. 
300 |a 134 pages. 
336 |a text  |b txt  |2 rdacontent 
337 |a unmediated  |b n  |2 rdamedia 
338 |a volume  |b nc  |2 rdacarrier 
340 |m 8vo.  |2 rdabf 
490 1 |a Hour-glass library 
500 |a Accession #: 2020_0001 
500 |a The Cushing Library Lit/Mitchell copy is a donation from J. Lawrence Mitchell. 
505 0 |a The hard and the human -- Tell it to a stranger -- Firstborn -- Chance callers -- No drums in this mansion -- The greatest good -- To tea with the colonel -- The notebooks -- The shrine -- The bare tree -- Lullaby -- Woman about the house -- Subject for a sermon. 
830 0 |a Hour-glass library. 
029 1 |a AU@  |b 000008441731 
029 1 |a UKMGB  |b 000296985 
994 |a Z0  |b TXA 
948 |h NO HOLDINGS IN TXA - 10 OTHER HOLDINGS 
999 f f |s ee92bc52-06ab-4b53-9e0d-a2c51c6f4036  |i 74c8817b-9e2e-437c-979b-89b09a439f4e  |t 0 
952 f f |p noncirc  |a Texas A&M University  |b College Station  |c Cushing Memorial Library & Archives  |d Cushing: Literature/Mitchell (Does not check out)  |t 0  |e PR6003.E7434 A6 1947  |h Library of Congress classification  |i unmediated -- volume  |m A14852907003 
998 f f |a PR6003.E7434 A6 1947  |t 0  |l Cushing: Literature/Mitchell (Does not check out)